|
|
|
|
| LEADER |
03158nam a2200685 a 4500 |
| 001 |
nkc20132467988 |
| 003 |
CZ PrNK |
| 005 |
20130911102015.0 |
| 007 |
ta |
| 008 |
130614s2013 xr abcee c 000 0 cze |
| 020 |
|
|
|a 978-80-87302-19-4
|q (brož.)
|z 978-80-87305-19-4
|
| 040 |
|
|
|a BOA001
|b cze
|d OLA001
|
| 041 |
1 |
|
|a cze
|a ger
|h cze
|
| 043 |
|
|
|a e-xr---
|a e-au---
|b e-xr-cc
|b e-xr-vy
|b e-xr-mr
|2 czenas
|
| 072 |
|
7 |
|a 902
|x Archeologie
|2 Konspekt
|9 8
|
| 080 |
|
|
|a 902.2
|2 MRF
|
| 080 |
|
|
|a 903.2
|2 MRF
|
| 080 |
|
|
|a 902:904
|2 MRF
|
| 080 |
|
|
|a (437.31-13)
|2 MRF
|
| 080 |
|
|
|a (437.3-191.2)
|2 MRF
|
| 080 |
|
|
|a (437.32-13)
|2 MRF
|
| 080 |
|
|
|a (436.2)
|2 MRF
|
| 080 |
|
|
|a (083.824)
|2 MRF
|
| 100 |
1 |
|
|a Zimola, David,
|d 1971-
|7 xx0093168
|4 aut
|
| 245 |
1 |
0 |
|a Archeologie na hranicích :
|b pravěké až raně novověké dějiny jižních Čech, Vysočiny, jižní Moravy a Dolního Rakouska : k výstavě = Archäologie an den Grenzen : Vorgeschichte bis frühe Neuzeit in Südböhmen, der Region Vysočina, Südmähren und Niederösterreich : zur Ausstellung /
|c [autor textů David Zimola]
|
| 246 |
3 |
0 |
|a Pravěké až raně novověké dějiny Jižních Čech, Vysočiny, jižní Moravy a Dolního Rakouska
|
| 246 |
3 |
1 |
|a Archäologie an den Grenzen
|
| 260 |
|
|
|a Havlíčkův Brod :
|b Muzeum Vysočiny Havlíčkův Brod,
|c 2013
|
| 300 |
|
|
|a 181 s. :
|b il. (převážně barev.), mapy, portréty, plány, faksim. ;
|c 21 cm
|
| 500 |
|
|
|a Katalog k výstavě v Muzeu Vysočiny Jihlava
|
| 500 |
|
|
|a Chronologický přehled
|
| 500 |
|
|
|a 300 výt.
|
| 504 |
|
|
|a Obsahuje bibliografii
|
| 546 |
|
|
|a Souběžný německý text
|
| 650 |
0 |
7 |
|a archeologické výzkumy
|7 ph118577
|z Česko
|2 czenas
|
| 650 |
0 |
7 |
|a archeologické výzkumy
|7 ph118577
|z Rakousko
|2 czenas
|
| 650 |
0 |
7 |
|a archeologické nálezy
|7 ph137683
|z Česko
|2 czenas
|
| 650 |
0 |
7 |
|a archeologické nálezy
|7 ph137683
|z Rakousko
|2 czenas
|
| 650 |
0 |
9 |
|a excavations (archaeology)
|z Czechia
|2 eczenas
|
| 650 |
0 |
9 |
|a excavations (archaeology)
|z Austria
|2 eczenas
|
| 650 |
0 |
9 |
|a antiquities
|z Czechia
|2 eczenas
|
| 650 |
0 |
9 |
|a antiquities
|z Austria
|2 eczenas
|
| 655 |
|
7 |
|a katalogy výstav
|7 fd132536
|2 czenas
|
| 655 |
|
9 |
|a exhibition catalogs
|2 eczenas
|
| 651 |
|
7 |
|a Dolní Rakousko (Rakousko)
|7 ge134134
|2 czenas
|
| 651 |
|
7 |
|a Morava jižní (Česko)
|7 ge130073
|2 czenas
|
| 651 |
|
7 |
|a Čechy jižní (Česko)
|7 ge131648
|2 czenas
|
| 651 |
|
7 |
|a Českomoravská vrchovina (Česko)
|7 ge128620
|2 czenas
|
| 651 |
|
9 |
|a Bohemia, Southern (Czechia)
|2 eczenas
|
| 651 |
|
9 |
|a Lower Austria (Austria)
|2 eczenas
|
| 651 |
|
9 |
|a Moravia, Southern (Czechia)
|2 eczenas
|
| 651 |
|
9 |
|a Českomoravská vrchovina Mountains (Czechia)
|2 eczenas
|
| 710 |
2 |
|
|a Muzeum Vysočiny (Jihlava, Česko)
|7 ko2003171852
|
| 910 |
2 |
|
|a BOA001
|b 2-1308.485
|
| 990 |
|
|
|a BK
|
| 995 |
|
|
|a 11
|
| 991 |
|
|
|b 201307
|c NOV
|e n
|
| 996 |
6 |
|
|b 2610558018
|c 2-1308.485
|l MZK
|r Sklad / do 1 hodiny
|n 3
|p p.v.
|w 001346407
|u 000010
|a 1
|e BOA001
|j MZK50
|s P
|
| 996 |
6 |
|
|b 2610562194
|c 2-1308.485
|l MZK
|r HSS 5p
|n 0
|p dar
|h 902 ZIM
|w 001346407
|u 000020
|a 0
|e BOA001
|j MZK50
|s P
|
| 996 |
7 |
|
|b 2610562195
|c 2-1308.485
|l Vol.výběr
|r VV 1p
|n 16
|p dar
|h 902 ZIM
|w 001346407
|u 000030
|a 0
|e BOA001
|j MZK50
|s A
|